000 02572nam a22001577a 4500
999 _c522080
_d522080
008 230310b ||||| |||| 00| 0 eng d
100 _aKumar, Anurag
_938345
245 _aDeveloping effective strategies to counter terror financing
260 _aThe Indian Police Journal
300 _a68(4), Oct-Dec, 2021: p.46-50
520 _aTerrorism like any other organized crime requires funding; in fact, terrorist activities are more akin to military and intelligence operations. It entails building an organization with highly trained and motivated cadres, owing unflinching loyalty to the ideology they believe in and the organization they belong to. Although the costs of specific operations may be relatively inexpensive, terrorist organizations require much larger budgets to function. Terrorist organizations and individuals carry out their activities furtively taking utmost precaution to avoid detection by law enforcement agencies. This makes predicting and preventing acts of terrorism extremely challenging. The best way to combat terrorism is by disrupting or if possible completely choking their financial flows; for which it is vital to understand the ‘economy of terrorism.’ The key elements of terror financing include the source of funds, their movement and use by operatives who finally execute acts of terrorism. Despite countries enacting elaborate and stringent laws, strengthening their security apparatus, and entering into bilateral and multilateral agreements, they still struggle to effectively combat terrorism. Are there ways and means to improve our response and come up with more potent and efficacious interventions? For developing an effective strategy for countering the financing of terrorism, this article attempts to examine the existing legal, intelligence, administrative and law enforcement apparatus against terrorism and make suggestions that may help counter-terror financing that would seriously dent the ability of terrorist organisations and individuals to carry out their nefarious activities. – Reproduced
650 _aEconomy of terrorism, Zakat, Hawala, Hundi, Maal-e-Ghanimat, Falah-e-insaniat foundation (FIF), Jammu and Kashmir affectees relief trust (JAKART), Financial action task force (FATF), Financial intelligence unit – India (FIU-IND), Suspicious transaction reports (STRs), Economic intelligence council (EIC), Regional economic intelligence councils (REICs) and central economic intelligence bureau (CEIB).
_936746
773 _aThe Indian Police Journal
906 _aTERRORISM
942 _cAR